| 000 | 00401nam a22001577a 4500 | ||
|---|---|---|---|
| 003 | CEME | ||
| 005 | 20210628202821.0 | ||
| 008 | 210204b xxu||||| |||| 00| 0 eng d | ||
| 040 | _c. | ||
| 082 | _a624.15136 JUM | ||
| 100 |
_aJumikis, A.R _961775 |
||
| 245 | _aSoil mechanics, local edition | ||
| 260 |
_aNEW JERSEY _bD VAN NOSTRAND _cXIX,787P |
||
| 650 |
_aSOIL MECHANICS _919867 |
||
| 942 |
_cBK _2ddc |
||
| 999 |
_c571111 _d571111 |
||